| Tag |
First Indicator |
Second Indicator |
Subfields |
| LEADER |
00000cam a2200000 a 4500 |
| 001 |
in00000011883 |
| 005 |
20151007051720.0 |
| 008 |
870403s1987 nyu b 00010 eng |
| 010 |
|
|
|a 87008578
|
| 020 |
|
|
|a 0824060210 (alk. paper) :
|c $50.00
|
| 035 |
|
|
|a (OCoLC)15549968
|
| 035 |
|
|
|9 AAA4429AM
|
| 040 |
|
|
|a DLC
|c DLC
|d TXA
|d UtOrBLW
|
| 049 |
|
|
|a TXAM
|c [A11027046]
|
| 050 |
0 |
0 |
|a PR3515.H2
|b S43 1987
|
| 082 |
0 |
|
|a 822/.6
|2 19
|
| 100 |
1 |
|
|a Holcroft, Thomas,
|d 1745-1809.
|
| 240 |
1 |
0 |
|a Seduction
|
| 245 |
1 |
0 |
|a Thomas Holcroft's Seduction :
|b a critical edition with annotations /
|c Joseph J. Latona.
|
| 264 |
|
1 |
|a New York :
|b Garland Pub.,
|c 1987.
|
| 300 |
|
|
|a iii, 320 pages ;
|c 24 cm.
|
| 336 |
|
|
|a text
|b txt
|2 rdacontent
|
| 337 |
|
|
|a unmediated
|b n
|2 rdamedia
|
| 338 |
|
|
|a volume
|b nc
|2 rdacarrier
|
| 490 |
1 |
|
|a Satire & sense
|
| 504 |
|
|
|a Bibliography: pages 309-320.
|
| 700 |
1 |
|
|a Latona, Joseph J.,
|d 1941-
|
| 740 |
0 |
|
|a Seduction.
|
| 830 |
|
0 |
|a Satire & sense.
|
| 999 |
|
|
|a MARS
|
| 999 |
f |
f |
|s e36764a1-34c4-323b-8c71-8be23bb9198d
|i 3d0a4092-8cac-3f18-9d08-d8ee0ffe83b7
|t 0
|
| 952 |
f |
f |
|p normal
|a Texas A&M University
|b College Station
|c Sterling C. Evans Library
|d Evans: Library Stacks
|t 0
|e PR3515.H2 S43 1987
|h Library of Congress classification
|i unmediated -- volume
|m A14811027046
|
| 998 |
f |
f |
|a PR3515.H2 S43 1987
|t 0
|l Evans: Library Stacks
|